नीड़ का निर्माण फिर : भा-2 / (Record no. 12839)

MARC details
000 -LEADER
fixed length control field 02439 a2200289 4500
008 - FIXED-LENGTH DATA ELEMENTS--GENERAL INFORMATION
fixed length control field 090317t xxu||||| |||| 00| 0 eng d
010 ## - LCCN (DPL NO)
LC control number B-288314-319
020 ## - INTERNATIONAL STANDARD BOOK NUMBER
International Standard Book Number 8170281180
Terms of availability 225.00
035 ## - SYSTEM CONTROL NUMBER
System control number B-288314-319
037 ## - SOURCE OF ACQUISITION
Source of stock number/acquisition राजपाल एण्ड सन्ज
040 ## - CATALOGING SOURCE
Original cataloging agency dpl
Language of cataloging HN
082 ## - DEWEY DECIMAL CLASSIFICATION NUMBER
Classification number 921
100 ## - MAIN ENTRY--PERSONAL NAME
Personal name , हरिवंशराय बच्चन
245 ## - TITLE STATEMENT
Title नीड़ का निर्माण फिर : भा-2 /
Statement of responsibility, etc हरिवंशराय बच्चन
260 ## - PUBLICATION, DISTRIBUTION, ETC. (IMPRINT)
Place of publication, distribution, etc दिल्ली
Name of publisher, distributor, etc राजपाल एण्ड सन्ज़
Date of publication, distribution, etc 2006
270 ## - ADDRESS
Address 1590 मदरसा रोङ कश्मीरी गेट
City दिल्ली
Postal code 110006
300 ## - PHYSICAL DESCRIPTION
Extent 272पृ
Dimensions 22सेमी (सजिल्द)
490 ## - SERIES STATEMENT
Volume number/sequential designation 4भाग
942 ## - ADDED ENTRY ELEMENTS (KOHA)
Institution code [OBSOLETE] dpl
Item type Hindi Books
Source of classification or shelving scheme Dewey Decimal Classification
Classification part 921
Call number suffix बच्चन
Holdings
Withdrawn status Lost status Source of classification or shelving scheme Damaged status Not for loan Collection code Home library Current library Date acquired Source of acquisition Cost, normal purchase price Total Checkouts Full call number Barcode Date last seen Copy number Cost, replacement price Koha item type Total Renewals
    Dewey Decimal Classification     Non-fiction Central Library Central Library 17/03/2009 राजपाल एण्ड सन्ज/987/10.9.08/415/4.9.08/16.9.08 225.00   921 बच्चन B-288314 17/03/2009 1 225.00 Hindi Books  
    Dewey Decimal Classification     Non-fiction Karol Bagh Karol Bagh 17/03/2009 राजपाल एण्ड सन्ज/987/10.9.08/415/4.9.08/16.9.08 225.00   921 बच्चन B-288318 17/03/2009 1 225.00 Hindi Books  
Withdrawn   Dewey Decimal Classification     Non-fiction Patel Nagar Patel Nagar 17/03/2009 राजपाल एण्ड सन्ज/987/10.9.08/415/4.9.08/16.9.08 225.00   921 बच्चन B-288315 17/03/2009 1 225.00 Hindi Books  
    Dewey Decimal Classification     Non-fiction Sarojini Nagar Sarojini Nagar 17/03/2009 राजपाल एण्ड सन्ज/987/10.9.08/415/4.9.08/16.9.08 225.00   921 बच्चन B-288316 17/03/2009 1 225.00 Hindi Books  
    Dewey Decimal Classification     Non-fiction Shahdara Branch Shahdara Branch 17/03/2009 राजपाल एण्ड सन्ज/987/10.9.08/415/4.9.08/16.9.08 225.00 2 921 बच्चन B-288319 03/09/2024 1 225.00 Hindi Books 1
    Dewey Decimal Classification     Non-fiction Vinoba Puri Vinoba Puri 17/03/2009 राजपाल एण्ड सन्ज/987/10.9.08/415/4.9.08/16.9.08 225.00 4 921 बच्चन B-288317 25/04/2019 1 225.00 Hindi Books  

© Delhi Public Library
Hit Counter
free hit counter